Statistiques concernant Les plus grandes villes d'Egypte

Cliquez ici pour prendre le quiz!

Statistiques générales

  • Ce quiz a été pris 148 fois
  • Le résultat moyen est 5 sur 10

Statistiques - réponses

RangVillePopulation% Correct
1Le Caire7 947 121
100%
2Alexandrie4 247 414
93%
7Louxor469 440
69%
5Port-Said588 935
56%
3Gizeh3 258 540
49%
6Suez529 055
48%
10Tanta429 632
24%
8Mansourah465 375
20%
9El-Mahalla El-Kubra450 833
11%
4Shubra El-Kheima1 045 370
7%

Distribution des résultats

Percentile par nombre de réponses

% des personnes avec chaque résultat

Votre développement - résultats

Vous n’avez pas pris ce quiz